Co to za flaga? #4 Lvl. Ekstremalny - Statystyki

Ogólne statystyki
  • Ten quiz został rozwiązany 669 razy
  • Średni wynik to 11 z 15
Statystyki odpowiedzi
Obrazkowy Odpowiedź % Poprawnych
Seszele
89%
Burkina Faso
82%
Eswatini
78%
Antigua i Barbuda
75%
Bahamy
72%
Belize
72%
Kiribati
71%
Erytrea
70%
Malawi
70%
Nauru
70%
Wyspy Marshalla
69%
Komory
68%
Dżibuti
66%
Sudan Południowy
64%
Namibia
58%
Nie znaleziono quizów pasujących do podanych kryteriów
Rozkład punktacji
Procent ludzi z każdym wynikiem
Percentyl według liczby udzielonych odpowiedzi
Twoja historia wyników
Nie rozwiązałeś tego quizu